000 00655cam a22002413a 4500
001 20672
003 PGUSA
005 20140828083436.0
008 070103s2007||||xxu|||||s|||||000 | eng d
040 _aPGUSA
_beng
042 _adc
050 4 _aPT
245 1 0 _aEirik the Red's Saga
_h[electronic resource]
260 _bProject Gutenberg,
_c2007
506 _aPublic domain in the USA.
516 _aElectronic text
653 _aOld Norse literature -- Translations into English
653 _aSagas
700 1 _aSephton, John,
_d1835-
830 0 _aProject Gutenberg
_v20672
856 4 0 _uhttp://www.gutenberg.org/ebooks/20672
942 _cEB
999 _c249927
_d249927